00255nam a2200097Ia 4500008004100000082001200041100001800053245006700071260000900138300001000147190415s9999 xx 000 0 und d aRG.005; aGoswami, H.G. 0aDevelopment of agriculture in the hill region of Uttar Pradesh c1982 a243p.